Estudios históricos sobre el adelantamiento de Cazorla / (Record no. 120685)

MARC details
000 -LEADER
campo de control de longitud fija 00613nam a2200181 4500
001 - NÚMERO DE CONTROL
campo de control 120685
003 - IDENTIFICADOR DE NÚMERO DE CONTROL
campo de control ES-MaACL
005 - FECHA Y HORA DE LA ÚLTIMA TRANSACCIÓN
campo de control 20230906191612.0
007 - CAMPO FIJO DE DESCRIPCIÓN FÍSICA--INFORMACIÓN GENERAL
campo de control de longitud fija t|
008 - DATOS DE LONGITUD FIJA--INFORMACIÓN GENERAL
campo de control de longitud fija 070214s1967 sp r ||||1| spa d
100 1# - ENTRADA PRINCIPAL--NOMBRE DE PERSONA
Nombre de persona Polaino Ortega, Lorenzo.
9 (RLIN) 92798
245 10 - MENCIÓN DEL TÍTULO
Título Estudios históricos sobre el adelantamiento de Cazorla /
Mención de responsabilidad, etc. Lorenzo Polaino Ortega ; prólogo de Francisco Rivera Recio.
260 ## - PUBLICACIÓN, DISTRIBUCIÓN, ETC.
Lugar de publicación, distribución, etc. Sevilla :
Nombre del editor, distribuidor, etc. Polaino,
Fecha de publicación, distribución, etc. 1967.
300 ## - DESCRIPCIÓN FÍSICA
Extensión 346 p., 8 lám. ;
Dimensiones 21 cm +
Material acompañante/anejo 1 map.
700 1# - ENTRADA AGREGADA--NOMBRE PERSONAL
Nombre de persona Rivera Recio, Francisco.
9 (RLIN) 97666
852 ## - LOCALIZACIÓN
Ubicación ES-MaACL
Número de control de estantería C-33592
Sublocalización o colección R.64294
852 ## - LOCALIZACIÓN
Ubicación ES-MaACL
Número de control de estantería C-34081
Sublocalización o colección R.64502
Holdings
Estatus retirado Estado de pérdida Estado de daño No para préstamo Biblioteca de origen Biblioteca actual Ubicación en estantería Fecha de adquisición Fuente de adquisición Total de préstamos Signatura topográfica completa Código de barras Visto por última vez Precio de reemplazo Tipo de ítem Koha
        Biblioteca del Ateneo de Madrid Biblioteca del Ateneo de Madrid Depósito 2 17/01/2008     C-34081 1125793 23/02/2023 23/02/2023 Libro impreso
        Biblioteca del Ateneo de Madrid Biblioteca del Ateneo de Madrid Depósito 2 17/01/2008     C-33592 1125792 23/02/2023 23/02/2023 Libro impreso